000 00636nam a2200181Ia 4500
008 100920s9999 xx 000 0 und d
082 _b79463
_a891.464 न 01
100 _aभुर्के श्याम.
245 _aपु. ल. : एक आनंदयात्रा.
260 _bसन्र पब्लिकेशन्स, पुणे 30.
_c2001
300 _a90
_bसाधी
365 _b60
520 _aनिबंध.
630 _aपु. ल. : एक आनंदयात्रा.
650 _aनिबंध.
730 _aपु. ल. : एक आनंदयात्रा.
942 _cBOOK
999 _c720483
_d720480